00672nam a2200241 a 4500001001300000003000900013005001700022008004100039020001000080082001500090100002100105245002300126260004300149300000800192500003500200505001600235650001300251700002100264902000800285942000700293952011500300999001500415nice12345678IN_TiNIC20260116012141.0050524s1947 hyda grp 000 0 eng  ac10000a529.3bALI aAli, Hashim Amir aFacts and Fancies. aHyderabadbDominion Book Concernc1947 a73p aincludes index and biblioraphy2 aUrdu-Arabic aCalendar1 aAli, Hashim Amir bSRS cBK 001040708StackRoom-aHMIbHMId2007-06-11g100.00l0o529.3 ALIp09942r2007-06-11v100.00w2005-05-24yBK c5842d5842